|
|
|
|
| LEADER |
00000cam a2200000 a 4500 |
| 001 |
vtls001124261 |
| 003 |
SK-MaSNL |
| 005 |
20260301051753.0 |
| 008 |
251029s1988 xo 00001dslo |
| 015 |
|
|
|a SNBA1988/06
|
| 035 |
|
|
|a SNK000067104
|
| 035 |
|
|
|a urn:nbn:sk:snk-amjbha
|
| 035 |
|
|
|a urn:nbn:sk:snk-am002g44
|
| 035 |
|
|
|a DC14222A-DAC6-4BE9-BAA1-39482F83F7F2
|
| 040 |
|
|
|a SNK
|b slo
|c SNK
|e AACR2
|
| 041 |
0 |
|
|a slo
|
| 044 |
|
|
|a xo
|c SK
|
| 080 |
|
|
|a 885.4 (497.1)-3(082)
|2 1981
|
| 245 |
0 |
0 |
|a Hlboké koľaje
|b antológia prózy juhoslovanských Slovákov
|c výber zost. Michal Harpáň
|
| 250 |
|
|
|a 1. vyd.
|
| 260 |
|
|
|a Bratislava
|b Tatran
|c 1988
|e Bratislava
|f Pravda
|
| 300 |
|
|
|a 291 s.
|c 21 cm
|
| 366 |
|
|
|e 1000 výt.
|
| 490 |
1 |
|
|a Slovenská tvorba
|v zv. 98
|
| 650 |
0 |
7 |
|a slovenská literatúra
|2 SNKPH
|9 1115
|
| 650 |
0 |
7 |
|a slovenská próza
|2 SNKPH
|9 1206
|
| 655 |
|
7 |
|a literárne antológie
|2 SNKPH
|9 293888
|
| 700 |
1 |
|
|a Harpáň, Michal,
|d 1944-
|4 com
|9 221070
|
| 830 |
|
0 |
|a Slovenská tvorba
|9 277027
|
| 958 |
|
|
|a EUIPO
|
| 958 |
|
|
|a OND
|
| 999 |
|
|
|c 604232
|d 606162
|
| 952 |
|
|
|a SNK
|b SNK
|y PREZ
|7 0
|p 17A0935262
|o snkSC 71618
|0 0
|1 0
|4 0
|d 2012-08-07
|l 0
|r 2025-07-23 00:00:00
|w 2026-02-23
|
| 952 |
|
|
|t P60, <04>, [BOOK], {604}
|a SNK
|b SNK
|y VYP
|7 0
|p 17A0186768
|o snkSC 71618 D1
|i snkKSP 3833/88
|0 0
|1 0
|4 0
|d 1999-03-23
|l 0
|r 2004-12-31 00:00:00
|w 2026-02-23
|